[Event "Hampstead GM3"]
[Site "Hampstead"]
[Date "1998.08.18"]
[Round "8"]
[White "Kreiman, Boris"]
[Black "Szekely, Peter"]
[Result "1/2-1/2"]
[WhiteElo "2455"]
[BlackElo "2465"]

1.d4 Nf6 2.c4 g6 3.Nc3 Bg7 4.e4 d6 5.Nf3 O-O 6.Be2 e5 7.O-O exd4 8.Nxd4 c6
9.Nc2 Re8 10.Bf3 Be6 11.b3 Na6 12.Bb2 Qa5 13.Qd2 Rad8 14.Rad1 d5 15.exd5 cxd5
16.Nxd5 Qxd2 17.Rxd2 Bxd5 18.Bxf6 Bxf6 19.cxd5 Nb4 20.Nxb4 Bc3 21.Rc2 Bxb4
22.Rc7 Re7 23.Rfc1 Kf8 24.g3 Bd6 25.R7c4 Re5 26.Kf1 Rde8 27.Kg2 h5 28.b4 Re1
29.a3 Rxc1 30.Rxc1 Ke7 31.Rc3 Kd8 32.Kf1 Re7 33.Bd1 Rc7 34.Rf3 Ke7 35.Ke2 Be5
36.Kd2 Kd6 37.Ba4 Re7 38.Rd3 Bb2 39.f4 Re4 40.Rf3 a6 41.Bd1 Bf6 42.Bc2 Rd4+
43.Kc1  1/2-1/2

[Event "GER-ENG (Women)"]
[Site "Dresden"]
[Date "1998.08.20"]
[Round "5"]
[White "Sheldon, Ruth"]
[Black "Paehtz, Elisabeth"]
[Result "0-1"]
[WhiteElo "2220"]
[BlackElo "2230"]

1.d4 Nf6 2.c4 g6 3.Nc3 Bg7 4.e4 d6 5.Be2 O-O 6.Nf3 e5 7.d5 a5 8.Be3 Ng4 9.Bg5 f6
10.Bh4 h5 11.Nd2 Nh6 12.f3 Na6 13.a3 Bd7 14.Rb1 Nc5 15.b4 axb4 16.axb4 Na4
17.Nxa4 Bxa4 18.Qc1 g5 19.Bf2 Be8 20.c5 g4 21.O-O Bg6 22.Bh4 Rf7 23.Ra1 Bf8
24.Rxa8 Qxa8 25.fxg4 Nxg4 26.Bxg4 hxg4 27.Bxf6 Bh6 28.Qe1 Qf8 29.Qh4 Be3+
30.Kh1 Qh6 31.Qxg4 Bxd2 32.Rf3 Bf4 33.Qc8+ Qf8 34.Qe6 Kh7 35.Bh4 Bxe4  0-1

[Event "GER-ENG (Women)"]
[Site "Dresden"]
[Date "1998.08.21"]
[Round "6"]
[White "Nill, Jessica"]
[Black "Lauterbach, Ingrid"]
[Result "1-0"]
[WhiteElo "2200"]
[BlackElo "2170"]

1.d4 d6 2.Nf3 Nf6 3.c4 g6 4.Nc3 Bg7 5.e4 O-O 6.Be2 e5 7.O-O exd4 8.Nxd4 Re8
9.f3 Nc6 10.Be3 Nh5 11.Qd2 Nf4 12.Rfd1 Nxe2+ 13.Ncxe2 Ne5 14.b3 Qe7 15.Bf2 Rf8
16.Re1 f5 17.exf5 Bxf5 18.f4 Nc6 19.Nxf5 gxf5 20.Rad1 Qf7 21.Nc3 a5 22.Nd5 Rfe8
23.a3 Re4 24.Rxe4 fxe4 25.Re1 Re8 26.b4 axb4 27.axb4 Nb8 28.g3 c6 29.Ne3 Bf8
30.Ra1 Na6 31.Be1 Rd8 32.Qe2 Bg7 33.Rd1 d5 34.Ng4 Nc7 35.Bc3 Ne6 36.Bf6 Rd6
37.Be5 Rd8 38.Rf1 Kf8 39.Kg2 Nd4 40.Bxd4 Bxd4 41.Ne5 Qg7 42.Ng4 Kg8 43.f5 h5
44.Ne3 Qg5 45.Nc2 Be5 46.Kh1 Rd7 47.cxd5 cxd5 48.Qb5 Qe7 49.f6 Bxf6 50.Ne3 Qe6
51.Nf5 Kh7 52.Qe2 Kg6 53.g4 h4 54.g5 Bd8 55.Qg4 Qe8 56.Nxh4+ Kg7 57.Nf5+ Kg6
58.h4 Rh7 59.Nh6 Kg7 60.h5 Kh8 61.Rf5 e3 62.Qf3 Be7 63.g6 Rxh6 64.Rf7 Kg8
65.Kg1 d4 66.Qd5 Qd8 67.Rf8+  1-0

[Event "FRA-ch"]
[Site "Meribel"]
[Date "1998.08.21"]
[Round "8"]
[White "Bacrot, Etienne"]
[Black "Relange, Eloi"]
[Result "1/2-1/2"]
[WhiteElo "2555"]
[BlackElo "2490"]

1.d4 Nf6 2.c4 g6 3.Nc3 Bg7 4.e4 d6 5.Nf3 O-O 6.Be2 e5 7.O-O Nh5 8.Bg5 f6
9.Be3 Nf4 10.c5 Nxe2+ 11.Qxe2 exd4 12.Bxd4 dxc5 13.Bxc5 Rf7 14.e5 Na6 15.exf6 Nxc5
16.fxg7 Bg4 17.Qc4 Bxf3 18.Qxc5 b6 19.Qe5 Bb7 20.Rfe1 Qh4 21.f3 Bc6 22.Nd5 Bxd5
23.Qxd5  1/2-1/2

[Event "Asia-ch"]
[Site "Teheran"]
[Date "1998.08.22"]
[Round "7"]
[White "Ghorbani, Mohsen"]
[Black "Al Modiahki, Mohamad"]
[Result "0-1"]
[WhiteElo "2430"]
[BlackElo "2505"]

1.d4 Nf6 2.c4 g6 3.Nc3 Bg7 4.e4 d6 5.Nf3 O-O 6.Be2 e5 7.Be3 Ng4 8.Bg5 f6
9.Bh4 g5 10.Bg3 Nh6 11.dxe5 dxe5 12.Qxd8 Rxd8 13.Nd5 Na6 14.O-O-O Be6 15.h4 g4
16.Nd2 c6 17.Nc3 Nc5 18.Kc2 Nf5 19.exf5 Bxf5+ 20.Kc1 Bh6 21.f3 gxf3 22.gxf3 Nd3+
23.Kc2 Nb4+ 24.Kc1 Nd3+ 25.Kc2 Bxd2 26.Kxd2 Nxb2+ 27.Ke3 Nxd1+ 28.Nxd1 Rd4
29.Be1 Rad8 30.Bc3 Rf4 31.Nf2 Kf7 32.Rh2 Ke6 33.Ne4 Bxe4 34.fxe4 f5 35.exf5+ Kxf5
36.h5 Re4+ 37.Kf2 Rf4+ 38.Ke3 Re4+ 39.Kf3 Rf4+ 40.Ke3 Re4+ 41.Kf2 Rf4+ 42.Ke3 Rg8
43.Kd2 Rg3 44.Kc2 Ke6 45.Be1 Rg7 46.Bd2 Rf6 47.Bd3 Rf3 48.Be4 Ra3 49.Kb2 Rag3
50.Bc3 Re3 51.h6 Rf7 52.Bg6 Rd7 53.Bc2 Rf7 54.Bd1 Rg3 55.Bb3 Rff3 56.c5+ Kf5
57.Bd2 e4 58.Bc2 Ke5 59.Re2 e3 60.Be1 Rh3 61.Bxh7 Rxh6 62.Bg8 Rh1 63.Kc3 Kf4
64.Kd3 Rff1 65.Bc3 Rd1+ 66.Kc4 Kf3 67.Rb2 e2 68.Ba5 Rh4+ 69.Kb3 e1=Q  0-1

[Event "Schwarzach opB"]
[Site "Schwarzach"]
[Date "1998.08.23"]
[Round "2"]
[White "Schneiderheinze, Roland"]
[Black "Gossmann, Ewald"]
[Result "1/2-1/2"]
[WhiteElo "1703"]
[BlackElo "1830"]

1.d4 Nf6 2.c4 g6 3.Nc3 Bg7 4.e4 d6 5.Nf3 O-O 6.Be2 e5 7.dxe5 dxe5 8.Bg5 Nbd7
9.Qc2 c6 10.Rd1 Qe7 11.Qc1 Nc5 12.O-O Bg4 13.h4 Bxf3 14.Bxf3 Ne6 15.Bh6 Bxh6
16.Qxh6 Qb4 17.Rd2 Nd4 18.Qg5 Nd7 19.Bg4 f6 20.Qe3  1/2-1/2

[Event "Asia-ch"]
[Site "Teheran"]
[Date "1998.08.25"]
[Round "9"]
[White "Kasimdzhanov, Rustam"]
[Black "Saltaev, Mihail"]
[Result "1-0"]
[WhiteElo "2570"]
[BlackElo "2525"]

1.d4 Nf6 2.c4 d6 3.Nf3 Nbd7 4.Nc3 e5 5.e4 g6 6.Be2 Bg7 7.O-O O-O 8.Be3 Re8
9.d5 Nh5 10.g3 Bf8 11.Ne1 Ng7 12.Nd3 f5 13.f3 Be7 14.Qd2 Rf8 15.Rac1 Nf6
16.c5 fxe4 17.fxe4 Ng4 18.Rxf8+ Bxf8 19.Bg5 Nf6 20.Bh6 Be7 21.Qd1 Bd7 22.b4 a6
23.a4 Qe8 24.Be3 Kh8 25.Nb2 h5 26.Nc4 Ng4 27.Bxg4 Bxg4 28.Qd2 Kh7 29.b5 Qd8
30.b6 cxb6 31.c6 bxc6 32.Nxb6 cxd5 33.Ncxd5 Rb8 34.Rc7 Bf8 35.a5 Bf3 36.Rd7  1-0

[Event "Schwarzach opB"]
[Site "Schwarzach"]
[Date "1998.08.26"]
[Round "5"]
[White "Junger, Gerald"]
[Black "Seher, Karl Heinz"]
[Result "1-0"]
[WhiteElo "1862"]
[BlackElo "1755"]

1.c4 Nf6 2.Nc3 g6 3.e4 d6 4.d4 Bg7 5.Nf3 O-O 6.Be2 Nbd7 7.O-O e5 8.d5 Nc5
9.Qc2 a5 10.Bg5 h6 11.Be3 Ncd7 12.a3 Kh7 13.b4 Ng8 14.Nd2 Ndf6 15.f3 Nh5
16.c5 Nf4 17.Kh1 f5 18.cxd6 cxd6 19.Nc4 axb4 20.axb4 Rxa1 21.Rxa1 Nxe2 22.Qxe2 Bf6
23.Ra7 Kh8 24.Nb5 Be7 25.Nb6 fxe4 26.fxe4 Bg5 27.Bg1 Rf6 28.Ra8 Ne7 29.Nxc8 Nxc8  1-0

[Event "POL-chTJ"]
[Site "Rowy"]
[Date "1998.08.29"]
[Round "10"]
[White "Radziewicz, Iweta"]
[Black "Kolago, Marcin"]
[Result "1-0"]
[WhiteElo "2425"]
[BlackElo "2170"]

1.Nf3 Nf6 2.c4 g6 3.Nc3 Bg7 4.e4 d6 5.d4 O-O 6.Be2 e5 7.d5 Ne8 8.Bg5 f6 9.Bd2 f5
10.h4 f4 11.h5 c5 12.dxc6 bxc6 13.hxg6 hxg6 14.b4 Nc7 15.b5 Ne6 16.Rb1 Nd4
17.Na4 Be6 18.Bc3 Qf6 19.Nb2 g5 20.Bxd4 exd4 21.Nd3 Qe7 22.Nd2 Nd7 23.bxc6 Nb6
24.Nb4 Rae8 25.Rb3 Qc7 26.Kf1 Na4 27.Bg4 Nc5 28.Rbh3 a5 29.Bxe6+ Nxe6 30.Nd3 Qxc6
31.Qh5 Qa4 32.Qh7+ Kf7 33.Qf5+ Kg8 34.Rh8+ Bxh8 35.Qh7+  1-0

[Event "Festuge M1"]
[Site "Aarhus"]
[Date "1998.09.03"]
[Round "1"]
[White "Rossen, Claus"]
[Black "Andersen, Frank"]
[Result "1-0"]
[WhiteElo "2170"]
[BlackElo "2205"]

1.d4 Nf6 2.Nf3 g6 3.c4 Bg7 4.Nc3 O-O 5.e4 d6 6.Be2 e5 7.O-O exd4 8.Nxd4 Re8
9.Qc2 Nxe4 10.Nxe4 Bxd4 11.Bg5 f6 12.Rad1 Nc6 13.Bc1 Bf5 14.Bf3 Bc5 15.g4 Ne5
16.gxf5 Nxf3+ 17.Kh1 Qe7 18.Ng3 Nd4 19.Qd3 Nxf5 20.Nxf5 gxf5 21.Rg1+ Kh8
22.Qxf5 Qe4+ 23.Qxe4 Rxe4 24.Bh6 Bxf2 25.Rg2 Re1+ 26.Rxe1 Bxe1 27.Bg7+ Kg8
28.Bxf6+ Kf7 29.Bd4 c5 30.Rg7+ Ke6 31.Be3 b5 32.cxb5 a6 33.b6 Rb8 34.b7 Bh4
35.Rc7 a5 36.b3 Kd5 37.Bd2 Bd8 38.Rc8 Rxb7 39.Rxd8 a4 40.Bf4 axb3 41.axb3 Rb6
42.Kg2 Ke6 43.Bg3 d5 44.Rb8 Rc6 45.Kf3  1-0

[Event "LIB-ch"]
[Site "Beirut"]
[Date "1998.09.03"]
[Round "8"]
[White "Najjar, Ahmad"]
[Black "Sakr, Nassim"]
[Result "1-0"]
[WhiteElo "2255"]
[BlackElo "2140"]

1.d4 Nf6 2.Nf3 g6 3.c4 Bg7 4.Nc3 d6 5.e4 O-O 6.Be2 e5 7.dxe5 dxe5 8.Bg5 Nbd7
9.O-O h6 10.Bh4 c6 11.Qd6 Re8 12.Rfd1 Qb6 13.Bxf6 Bxf6 14.Na4 Qa5 15.b3 Bg7
16.Qd2 Qxd2 17.Nxd2 Bf8 18.Rac1 Nc5 19.Nc3 Ne6 20.Nf3 Nf4 21.g3 Nxe2+ 22.Nxe2 f6
23.Rd3 Be6 24.Rcd1 Be7 25.Nh4 Kf7 26.Ng2 a5 27.Nc3 Bc5 28.Ne3 f5 29.Kg2 f4
30.gxf4 exf4 31.Nc2 g5 32.Nd4 Be7 33.Na4 g4 34.Nxe6 Kxe6 35.Rd7 Rab8 36.c5 Red8
37.R7d2 Rxd2 38.Rxd2 Rd8 39.Rc2 Rd4 40.f3 h5 41.Nb2 Bf6 42.h3 g3 43.Nc4 Rd1
44.Rd2 Rxd2+ 45.Nxd2 Kd7 46.Nc4 Bc3 47.a3 Kc7 48.Kf1 Bd4 49.Nxa5 Bxc5 50.Nc4 b5
51.Ne5 Kd6 52.Nd3 Be3 53.a4 bxa4 54.bxa4 c5 55.Nb2 Bd4 56.Nc4+ Kc6 57.Kg2 Kb7
58.Kf1 Kc6 59.Kg2 Kb7 60.Kf1 Kc6 61.e5 Bc3 62.e6 Bf6 63.a5 Kb5 64.Ne5 h4
65.Ng6 c4 66.a6 c3 67.Nxf4 Be7 68.a7  1-0

[Event "Karl Wagner mem 5th"]
[Site "Graz"]
[Date "1998.09.06"]
[Round "2.5"]
[White "Polak, Tomas"]
[Black "Ebner, Hubert"]
[Result "1-0"]
[WhiteElo "2525"]
[BlackElo "2275"]

1.d4 Nf6 2.c4 g6 3.Nc3 Bg7 4.e4 d6 5.Nf3 O-O 6.Be2 e5 7.d5 a5 8.Bg5 h6 9.Bh4 Na6
10.Nd2 Qe8 11.O-O Nh7 12.Kh1 h5 13.f3 Bh6 14.b3 Bd7 15.a3 Be3 16.Rb1 Bc5
17.Qc1 f5 18.exf5 gxf5 19.Bf2 Bxf2 20.Rxf2 Nf6 21.b4 axb4 22.axb4 h4 23.c5 dxc5
24.bxc5 Nxc5 25.Nb5 Bxb5 26.Qxc5 Bxe2 27.Rxe2 Rd8 28.Rxb7 Rxd5 29.Qc4 Qa8
30.Rb1 Kg7 31.Nf1 Rfd8 32.Ne3 Kg6 33.Nxd5 Rxd5 34.Qxh4 f4 35.Qe1 Kf5 36.Qc3 c6
37.Rbe1 Qe8 38.g4+ fxg3 39.hxg3 c5 40.g4+ Kf4 41.Qe3+  1-0

[Event "CRO-chT"]
[Site "Porec"]
[Date "1998.09.06"]
[Round "2"]
[White "Misanovic, Vesna"]
[Black "Grosar, Kiti"]
[Result "1-0"]
[WhiteElo "2395"]
[BlackElo "2290"]

1.d4 Nf6 2.c4 g6 3.Nc3 Bg7 4.e4 d6 5.Nf3 O-O 6.Be2 e5 7.d5 a5 8.h3 Na6 9.Bg5 h6
10.Be3 Nh5 11.Nd2 Nf4 12.Bf1 Nc5 13.Nb3 b6 14.g3 Nh5 15.Nd2 Bd7 16.Be2 Nf6
17.g4 Nh7 18.h4 f5 19.h5 f4 20.Bxc5 bxc5 21.hxg6 Ng5 22.Nf3 Nxf3+ 23.Bxf3 Qg5
24.Nb5 Rfc8 25.Rh5 Qxg6 26.g5 hxg5 27.Bg4 Qxe4+ 28.Kd2 Bxb5 29.Be6+ Kf8 30.cxb5 Qb4+
31.Ke2 Qxb2+ 32.Kf1 e4 33.Rb1 Qd4 34.Rxg5 Qxd1+ 35.Rxd1 Be5 36.Rg8+ Ke7 37.Rxc8 Rxc8
38.Bxc8  1-0

[Event "Karl Wagner mem 5th"]
[Site "Graz"]
[Date "1998.09.08"]
[Round "4.4"]
[White "Polak, Tomas"]
[Black "Freitag, Manfred"]
[Result "1/2-1/2"]
[WhiteElo "2525"]
[BlackElo "2400"]

1.d4 Nf6 2.c4 g6 3.Nc3 Bg7 4.e4 d6 5.Nf3 O-O 6.Be2 e5 7.d5 Na6 8.Nd2 c6 9.a3 Bd7
10.b4 Nc7 11.Nb3 cxd5 12.cxd5 Nfe8 13.Na5 b6 14.Nc6 Bxc6 15.dxc6 f5 16.Bc4+ Kh8
17.O-O Qh4 18.Re1 Rd8 19.g3 Qf6 20.f3 d5 21.Bxd5 Nxd5 22.Nxd5 Qxc6 23.Bg5 Bf6
24.Rc1 Qe6 25.Be3 Nd6 26.Rc6 fxe4 27.fxe4 Qd7 28.Rc7 Qe6 29.Rc6 Qd7 30.Rc7 Qe6  1/2-1/2

[Event "Karl Wagner mem 5th"]
[Site "Graz"]
[Date "1998.09.11"]
[Round "7.21"]
[White "Barbero, Gerardo F"]
[Black "Nickl, Klaus"]
[Result "1-0"]
[WhiteElo "2440"]
[BlackElo "2180"]

1.d4 Nf6 2.c4 g6 3.Nc3 Bg7 4.e4 d6 5.Nf3 O-O 6.Be2 e5 7.O-O exd4 8.Nxd4 Re8
9.f3 Nc6 10.Be3 Nh5 11.f4 Nf6 12.Bf3 Bg4 13.Nde2 Bxf3 14.gxf3 Nh5 15.Qd2 Qc8
16.Nd5 Ne7 17.Rac1 f5 18.Ndc3 fxe4 19.fxe4 Qh3 20.Bd4 Nf6 21.Ng3 c5 22.Bxf6 Bxf6
23.Nb5 Red8 24.Kh1 h5 25.Nc7 Rab8 26.Nd5 Nxd5 27.Qxd5+ Kh7 28.Qf7+ Bg7 29.f5 gxf5
30.Rxf5  1-0

[Event "Festuge M1"]
[Site "Aarhus"]
[Date "1998.09.13"]
[Round "7"]
[White "Matthiesen, Martin"]
[Black "Andersen, Frank"]
[Result "1-0"]
[WhiteElo "2275"]
[BlackElo "2205"]

1.d4 Nf6 2.c4 g6 3.Nc3 Bg7 4.e4 O-O 5.Nf3 d6 6.Be2 e5 7.O-O exd4 8.Nxd4 Re8
9.f3 c6 10.Kh1 d5 11.cxd5 cxd5 12.Bb5 Nbd7 13.exd5 Qb6 14.Nb3 a6 15.Be2 Ne5
16.Bg5 h6 17.Bh4 g5 18.Bf2 Qd8 19.Qd2 b5 20.Rad1 g4 21.Bh4 gxf3 22.Bxf3 Nc4
23.Qf4 Ne3 24.Ne4 Nfxd5 25.Qxe3 Nxe3 26.Bxd8 Nxf1 27.Bb6 Rb8 28.Ba7 Rb7 29.Nd6 Rd8
30.Nxb7 Rxd1 31.Bxd1 Bxb7 32.Kg1 Nxh2 33.Kxh2 Bxb2 34.Bd4 Ba3 35.Be3 Bd6+
36.Kg1 Kg7 37.Kf2 Bd5 38.Bd2 b4 39.Bf3 Be6 40.Nd4 Bc5 41.Be3 Bxd4 42.Bxd4+ f6
43.Bc5 a5 44.a3 bxa3 45.Bxa3 a4 46.Bh5 Bd7 47.Bb2 Bc6 48.g3 Be4 49.Ke3 Bc6
50.Kd4 Bd7 51.Kd5 Bf5 52.g4 Bc2 53.Ke6 a3 54.Bxa3 Kh7 55.Kxf6  1-0

[Event "Budapest FS09 IM-B"]
[Site "Budapest"]
[Date "1998.09.13"]
[Round "9"]
[White "Gara, Anita"]
[Black "Dudas, Janos"]
[Result "1/2-1/2"]
[WhiteElo "2290"]
[BlackElo "2340"]

1.d4 Nf6 2.c4 g6 3.Nc3 Bg7 4.e4 d6 5.Nf3 O-O 6.Be2 e5 7.dxe5 dxe5 8.Qxd8 Rxd8
9.Bg5 Re8 10.Nd5 Nxd5 11.cxd5 c6 12.Bc4 cxd5 13.Bxd5 Nd7 14.Rc1 h6 15.Be3 Nf6
16.Bb3 Nxe4 17.Rc7 Be6 18.Bxe6 Rxe6 19.Rxb7 Ra6 20.a3 Nd6 21.Rb4  1/2-1/2

[Event "CRO-chT"]
[Site "Porec"]
[Date "1998.09.14"]
[Round "8"]
[White "Sulava, Nenad"]
[Black "Jusic, Zdenko"]
[Result "1/2-1/2"]
[WhiteElo "2380"]
[BlackElo "2375"]

1.Nf3 d6 2.d4 Nf6 3.c4 g6 4.Nc3 Bg7 5.e4 O-O 6.Be2 e5 7.O-O Na6 8.Be3 Ng4
9.Bg5 f6 10.Bh4 Qe8 11.Rb1 f5 12.dxe5 Nxe5 13.Nxe5 Qxe5 14.exf5 Bxf5 15.Bd3 Qd4
16.Bxf5 Rxf5 17.Qxd4 Bxd4 18.Nd5 Rf7 19.Rfd1 Be5 20.b4 Re8 21.Re1 Ref8 22.Re4 c6
23.Ne3 Nc7 24.Rd1 Bf4 25.h3 Re8 26.Rxe8+ Nxe8 27.Rd3 h6 28.b5 Nc7 29.a4 Ne6
30.Bg3 Nc5 31.Ra3 Bxg3 32.fxg3 a5 33.bxa6  1/2-1/2

[Event "Szeged TT09 IM"]
[Site "Szeged"]
[Date "1998.09.22"]
[Round "6"]
[White "Kovacs, Arthur"]
[Black "Ianov, Viktor"]
[Result "1/2-1/2"]
[WhiteElo "2140"]
[BlackElo "2350"]

1.d4 d6 2.c4 Nf6 3.Nc3 Nbd7 4.e4 e5 5.Nf3 g6 6.Be2 Bg7 7.O-O O-O 8.Re1 c6
9.Bf1 a6 10.a4 a5 11.Rb1 Re8 12.h3 exd4 13.Nxd4 Nc5 14.f3 Nh5 15.Be3 Be5
16.Nde2 Qf6 17.Qd2 Ne6 18.g4 Nhf4 19.Nxf4 Bxf4 20.Bxf4 Nxf4 21.Ne2 Ne6 22.Kg2 Nc5
23.b3 Ra6 24.Qd4 Qe5 25.Red1 Rb6 26.Qxd6 Qxd6 27.Rxd6 Rxb3 28.Rxb3 Nxb3 29.Nc3 Kf8
30.f4 Nc5 31.Kf3 Ke7 32.e5 h6 33.Rd1 Be6 34.Ne4 Nxe4 35.Kxe4 f5+ 36.Kf3 Rd8
37.Rxd8 Kxd8 38.Bd3 Ke7 39.gxf5 gxf5 40.Ke3 b6 41.Kd4 Kd7  1/2-1/2

[Event "Elista ol (Men)"]
[Site "Elista"]
[Date "1998.09.29"]
[Round "1"]
[White "Tsedenov, Sanal"]
[Black "Garcia, Javier"]
[Result "0-1"]
[WhiteElo "2100"]
[BlackElo "2315"]

1.d4 Nf6 2.Nf3 g6 3.c4 Bg7 4.Nc3 d6 5.e4 O-O 6.Be2 e5 7.O-O c6 8.d5 cxd5
9.cxd5 Nbd7 10.Nd2 a5 11.Nc4 Nc5 12.f3 b6 13.Bg5 h6 14.Bh4 Ba6 15.Ne3 Qd7
16.Bxa6 Rxa6 17.Qe2 Rc8 18.Rfc1 Ne8 19.Qb5 Qa7 20.Qe2 a4 21.Nc2 Qd7 22.Nb4 Raa8
23.Nc6 Bf6 24.Bxf6 Nxf6 25.Nb5 Ne8 26.Na3 Rxc6 27.dxc6 Qxc6 28.Rd1 h5 29.Rac1 Rd8
30.Qb5 Qxb5 31.Nxb5 Kf8 32.Rc4 Ke7 33.Nc3 Nc7 34.Rb4 b5 35.Nd5+ Nxd5 36.exd5 Rb8
37.g4 Na6 38.Re4 hxg4 39.Rxg4 Rc8 40.Rd2 Rc5 41.Re4 Nc7 42.f4 f5 43.Re1 e4
44.Red1 e3 45.Rd3 Nxd5 46.Rxd5 e2 47.Rxd6 exd1=Q+ 48.Rxd1 Rc2 49.Rb1 b4 50.h4 Kd6
51.Kf1 Kd5 52.b3 a3 53.Ra1 Ke4 54.Rd1 Rxa2 55.Rc1 Rb2  0-1

[Event "Elista ol (Men)"]
[Site "Elista"]
[Date "1998.09.30"]
[Round "2"]
[White "Damaso, Rui"]
[Black "Gallagher, Joseph G"]
[Result "0-1"]
[WhiteElo "2430"]
[BlackElo "2525"]

1.d4 Nf6 2.c4 g6 3.Nc3 Bg7 4.e4 d6 5.Nf3 O-O 6.Be2 e5 7.O-O Nbd7 8.Re1 exd4
9.Nxd4 Re8 10.Bf1 c6 11.Rb1 a5 12.Bg5 h6 13.Bf4 Nc5 14.f3 Nh5 15.Be3 a4 16.Qd2 Kh7
17.Qc2 Qa5 18.b4 axb3 19.axb3 Ne6 20.Nde2 Nhf4 21.b4 Qe5 22.g3 Nxe2+ 23.Nxe2 d5
24.Bg2 dxe4 25.f4 Qd6 26.Qxe4 Nc7 27.Qf3 Bf5 28.Bc5 Qd3 29.Rbc1 Na6 30.g4 Be4  0-1

[Event "Elista ol (Men)"]
[Site "Elista"]
[Date "1998.09.30"]
[Round "2"]
[White "Shariyazdanov, Andrey"]
[Black "Saravanan, V."]
[Result "1-0"]
[WhiteElo "2530"]
[BlackElo "2390"]

1.d4 Nf6 2.c4 g6 3.Nc3 Bg7 4.e4 d6 5.Be2 O-O 6.Nf3 e5 7.O-O Nh5 8.dxe5 dxe5
9.Bg5 f6 10.Be3 Nf4 11.Bxf4 Qxd1 12.Raxd1 exf4 13.Nd5 Na6 14.Nxf4 Nc5 15.Nd5 Rf7
16.e5 fxe5 17.Ng5 Rf8 18.Nxc7 Rb8 19.Nd5 h6 20.Ne7+  1-0

[Event "Elista ol (Men)"]
[Site "Elista"]
[Date "1998.10.01"]
[Round "3"]
[White "Rodgaard, John"]
[Black "David, Alberto"]
[Result "1/2-1/2"]
[WhiteElo "2320"]
[BlackElo "2520"]

1.c4 Nf6 2.Nf3 g6 3.Nc3 Bg7 4.e4 d6 5.d4 O-O 6.Be2 e5 7.dxe5 dxe5 8.Qxd8 Rxd8
9.Bg5 c6 10.Nxe5 Re8 11.O-O-O Na6 12.Rd6 Be6 13.f4 h6 14.Bxf6 Bxf6 15.Rhd1 Bxe5
16.fxe5 Re7 17.Rd8+ Re8 18.R8d6 Rac8 19.Kd2 Rc7 20.Ke3 Rce7 21.Rd8 Nc5 22.h4 g5
23.hxg5 hxg5 24.b4 Nd7 25.Rxe8+ Rxe8 26.Nd5 cxd5 27.cxd5 Nxe5 28.dxe6 Rxe6
29.Rd8+ Kg7 30.Ra8 a6 31.b5 axb5 32.Bxb5 Rd6 33.a4 b6 34.Rb8 Kf6 35.Rb7 Ke6
36.Rb8 Ng4+ 37.Kf3 Ne5+ 38.Ke3 Ng4+ 39.Kf3 Ke5  1/2-1/2

[Event "Elista ol (Men)"]
[Site "Elista"]
[Date "1998.10.01"]
[Round "3"]
[White "Hillarp Persson, Tiger"]
[Black "Strikovic, Aleksa"]
[Result "1-0"]
[WhiteElo "2410"]
[BlackElo "2550"]

1.d4 Nf6 2.c4 g6 3.Nc3 Bg7 4.e4 d6 5.Be2 O-O 6.Nf3 e5 7.O-O Nbd7 8.Be3 Ng4
9.Bg5 f6 10.Bc1 Nh6 11.Qc2 c6 12.Rd1 Qe7 13.b4 exd4 14.Nxd4 Nb6 15.a4 a5
16.bxa5 Nd7 17.a6 Rxa6 18.c5 Nxc5 19.Bxa6 Nxa6 20.Ba3 Rd8 21.h3 f5 22.Rac1 f4
23.Nf3 Nf7 24.Ne2 Re8 25.Nxf4 Bh6 26.Nd3 c5 27.Rb1 Qxe4 28.Re1 Qc6 29.Rxe8+ Qxe8
30.Re1 Qd8 31.Bc1 Bg7 32.Bb2 Nc7 33.Bxg7 Kxg7 34.Nf4 Qf6 35.Qd2 Bd7 36.h4 Bc6
37.Ng5 Ne5 38.Ne4 Qxh4 39.Nxd6 Qf6 40.Ne4 Bxe4 41.Rxe4 Qf5 42.f3 Nf7 43.Qb2+ Qf6
44.Qxb7  1-0

[Event "Elista ol (Men)"]
[Site "Elista"]
[Date "1998.10.03"]
[Round "5"]
[White "Krivonosov, Oleg"]
[Black "De la Paz, Frank"]
[Result "1-0"]
[WhiteElo "2445"]
[BlackElo "2470"]

1.Nf3 Nf6 2.c4 g6 3.Nc3 Bg7 4.e4 d6 5.d4 O-O 6.Be2 e5 7.dxe5 dxe5 8.Qxd8 Rxd8
9.Bg5 c6 10.Nxe5 Re8 11.O-O-O Na6 12.Rd6 Be6 13.f4 Nc5 14.Bf3 h6 15.Bh4 g5
16.Bf2 g4 17.Bxc5 gxf3 18.gxf3 Bf8 19.Rg1+ Kh7 20.f5 Bxd6 21.Bxd6 Rad8 22.Rd1 Bc8
23.Nxf7 Rd7 24.Ne5 Rg7 25.Ng6 Nh5 26.Rd2 Rf7 27.Ne5 Rf6 28.Ng4 Rf7 29.Ne2 Bxf5
30.exf5 Rxf5 31.f4 Rg8 32.h3 Rd8 33.Be5 Rff8 34.Kc2 Kg6 35.Ne3 Rxd2+ 36.Kxd2 Rd8+
37.Kc3 Nf6 38.Ng3 Nd7 39.Bd6 Nf6 40.Bc7 Re8 41.Kd3 Rc8 42.Be5 Rd8+ 43.Ke2 Nd7
44.Bd6 Re8 45.Kf3 Nb6 46.Ne4 Nd7 47.Nc5 Nxc5 48.Bxc5 Rd8 49.Bb4 b6 50.Bc3 h5
51.f5+ Kf7 52.f6 Ke6 53.Ng2 Kf5 54.Nf4 h4 55.Ng2 Kg5 56.Ke4  1-0

[Event "Elista ol (Men)"]
[Site "Elista"]
[Date "1998.10.03"]
[Round "5"]
[White "Mirzoev, Azer"]
[Black "Amonatov, Farrukh"]
[Result "1/2-1/2"]
[WhiteElo "2445"]
[BlackElo "2240"]

1.d4 Nf6 2.Nf3 g6 3.c4 Bg7 4.Nc3 O-O 5.e4 d6 6.Be2 e5 7.Be3 c6 8.O-O exd4
9.Bxd4 Re8 10.Nd2 c5 11.Be3 Nc6 12.f3 Be6 13.Re1 a6 14.Bf1 Rb8 15.Rc1 Nd7
16.f4 f5 17.Nf3 Nf6 18.exf5 Bxf5 19.h3 Ne4 20.Nxe4 Bxe4 21.Ng5 Nd4 22.Nxe4 Rxe4
23.Qd3 Re8 24.Bd2 Qh4 25.b3 Nf5 26.Qf3 Bd4+ 27.Kh2 Qf2 28.Qxf2 Bxf2 29.Rxe8+ Rxe8
30.Rc3 Be1 31.Rd3 Bxd2 32.Rxd2 Re1 33.Bd3 Nd4 34.Kg3 Kg7 35.Kf2 Rc1 36.Be4 b5
37.Bd5 b4 38.g4 Kf6 39.Kg2 Rc3 40.Rf2 a5 41.Rd2 Re3 42.Rf2 h5 43.Bb7 h4 44.Bd5 Rg3+
45.Kh2 a4 46.bxa4 Ra3 47.Kg2 Rxa4 48.Rd2 Ra3 49.Rf2 Rc3 50.Kh2 Rg3 51.Be4 Re3
52.g5+ Kg7 53.Bd5 Rc3 54.Kg2 Rd3 55.Kh2 Nf5 56.Re2 Ne3 57.Be4 Rc3 58.Bb1 Kf7
59.Be4 Nxc4 60.Bd5+ Kf8 61.Re6 Ne3 62.Be4 Ra3 63.Bxg6 Rxa2+ 64.Kg1 Nd5 65.f5 Nf4  1/2-1/2

[Event "Elista ol (Men)"]
[Site "Elista"]
[Date "1998.10.03"]
[Round "5"]
[White "Veingold, Aleksandr"]
[Black "Ivanisevic, Ivan"]
[Result "1-0"]
[WhiteElo "2485"]
[BlackElo "2475"]

1.d4 Nf6 2.Nf3 g6 3.c4 Bg7 4.Nc3 O-O 5.e4 d6 6.Be2 e5 7.O-O c6 8.d5 Na6 9.Bg5 h6
10.Bh4 Bd7 11.Nd2 Qe7 12.a3 c5 13.h3 Rfb8 14.Rb1 Qf8 15.Bg3 Qe7 16.Qc2 Nh7
17.f4 exf4 18.Bxf4 Ng5 19.Nb5 Be5 20.Bxe5 Qxe5 21.Qc3 Qe7 22.Qf6 Qxf6 23.Rxf6 Bxb5
24.cxb5 Nc7 25.Rbf1 Ne8 26.R6f2 f6 27.Bg4 Rd8 28.h4 Nf7 29.Be6 Kg7 30.Bxf7 Kxf7
31.Nc4 Kg7 32.Ne3 Rd7 33.Ng4 Rf7 34.h5 gxh5 35.Ne3 a6 36.b6 a5 37.Rf5 Ra6
38.Nc4 Re7 39.R1f4 Kg6 40.Kf2 a4 41.Ke3 Re5 42.Kf3 Re7 43.Ke3 Re5 44.Kd3 Re7
45.Rf3 h4 46.R5f4 Kg5 47.Rf5+ Kg6 48.R3f4 h5 49.Rxh4 Ng7 50.Rf3 f5 51.Rhf4 fxe4+
52.Rxe4 Rxe4 53.Kxe4 Ne8 54.Rg3+ Kf7 55.Kf5 Ra8 56.Kg5 Rd8 57.Rf3+ Kg7 58.Re3 Kf7
59.Re6 Rd7 60.Ne3 Ng7 61.Rg6 h4 62.Ng4 Ne8 63.Nh6+ Kf8 64.Rg8+ Ke7 65.Kg6 Rd8
66.Nf5+ Kd7 67.Kf7 c4 68.Ng7  1-0

[Event "Budapest FS10 IM-B"]
[Site "Budapest"]
[Date "1998.10.04"]
[Round "2"]
[White "Csonkics, Tunde"]
[Black "Nguyen Thi Thanh An"]
[Result "1/2-1/2"]
[WhiteElo "2225"]
[BlackElo "2115"]

1.d4 Nf6 2.c4 g6 3.Nc3 Bg7 4.e4 d6 5.Nf3 O-O 6.Be2 e5 7.Be3 Ng4 8.Bg5 f6
9.Bh4 g5 10.Bg3 Nh6 11.d5 a5 12.Nd2 Na6 13.f3 Nc5 14.Bf2 f5 15.O-O f4 16.a3 Bd7
17.b4 axb4 18.axb4 Na6 19.c5 Qc8 20.Qb3 Kh8 21.cxd6 cxd6 22.Nc4 Qc7 23.Nb6 Rad8
24.Nxd7 Qxd7 25.Bxa6 bxa6 26.Rxa6 g4 27.Ra7 Qe8 28.b5 gxf3 29.gxf3 Rg8 30.Kh1 Qh5
31.Ne2 Qh3 32.Rg1 Bf6 33.Qa3 Rxg1+ 34.Nxg1 Qf1 35.Qb2 Rg8 36.Bb6 Bh4 37.Ra2 Rb8
38.Bc7 Rxb5 39.Qg2 Qxg2+ 40.Kxg2 Nf7 41.Nh3 Rb7 42.Rc2 Kg7 43.Ba5 Bf6 44.Nf2 Rb3
45.Nh3 h6 46.Bc3 Bd8 47.Be1  1/2-1/2

[Event "Elista ol (Men)"]
[Site "Elista"]
[Date "1998.10.04"]
[Round "6"]
[White "Ferrufino, Boris"]
[Black "Bischoff, Klaus"]
[Result "1-0"]
[WhiteElo "2035"]
[BlackElo "2185"]

1.Nf3 Nf6 2.d4 g6 3.c4 Bg7 4.Nc3 O-O 5.e4 d6 6.Be2 e5 7.dxe5 dxe5 8.Qxd8 Rxd8
9.Bg5 Na6 10.Nxe5 Re8 11.O-O-O Nc5 12.Bf3 Be6 13.Rhe1 h6 14.Be3 Nfxe4 15.Nxe4 Nxe4
16.Bxe4 Bxe5 17.b3 Bc3 18.Bxb7 Bxe1 19.Rxe1 h5 20.Bxa8 Rxa8 21.Bc5 a6 22.Rd1 f6
23.Kc2 Kf7 24.Kc3 Ke8 25.Bd4 Rd8 26.Rd3 Kf7 27.Kb4 Bc8 28.Kc5 Bb7 29.g3 Rd6
30.a4 Be4 31.Rd2 Bb7 32.Kb4 Ke6 33.Kc3 Bc6 34.Ra2 Kd7 35.b4 Re6 36.b5 Bf3
37.Rd2 Kc8 38.Kb4 f5 39.Be3 Re7 40.Ka5 axb5 41.axb5 Rd7 42.Rxd7 Kxd7 43.c5 Be4
44.Kb4 Bd3 45.c6+ Kc8 46.h4 Bf1 47.Kc5 Bg2 48.Bf4 Bf3 49.Be5 Bg2 50.f4 Bf3
51.Bxc7 Kxc7 52.b6+ Kc8 53.Kd6 Be2 54.b7+ Kb8 55.c7+  1-0

[Event "Elista ol (Men)"]
[Site "Elista"]
[Date "1998.10.04"]
[Round "6"]
[White "Moldobaev, Emil"]
[Black "Mertens, Marc"]
[Result "1-0"]
[WhiteElo "2490"]
[BlackElo "2300"]

1.Nf3 Nf6 2.c4 d6 3.d4 g6 4.Nc3 Bg7 5.e4 O-O 6.Be2 e5 7.Be3 exd4 8.Nxd4 Re8
9.f3 c6 10.Bf2 d5 11.exd5 cxd5 12.O-O Nc6 13.c5 Nh5 14.Qd2 Be5 15.g3 Bh3
16.Rfd1 Ng7 17.Ndb5 a6 18.Nd6 Bxd6 19.cxd6 d4 20.Bxd4 Qxd6 21.Bf2 Qe5 22.Re1 Rad8
23.Qh6 Be6 24.Bxa6 Nf5 25.Qc1 Qb8 26.Bf1 Ne5 27.Qf4 Nc4 28.Qxb8 Rxb8 29.Rxe6  1-0